000 00516pab a2200193 454500
008 180718b2003 xxu||||| |||| 00| 0 eng d
100 _aNatarajan, R.
245 _aQuality and accreditation in technical and management education
260 _c2003
300 _ap.165-72.
362 _aJul-Sep
650 _aAccreditation (Education)
650 _aEducational quality
650 _aManagement education
650 _aEducation
650 _aTechnical education
773 _aProductivity
909 _a59666
999 _c59666
_d59666